Dinosaur systematics : (Record no. 6144)

MARC details
000 -LEADER
fixed length control field 01263nac a22003011i 4500
003 - CONTROL NUMBER IDENTIFIER
control field EG-ScBUE
005 - DATE AND TIME OF LATEST TRANSACTION
control field 20260315094219.0
008 - FIXED-LENGTH DATA ELEMENTS--GENERAL INFORMATION
fixed length control field 260214s1992 enka f b 001 0 eng d
020 ## - INTERNATIONAL STANDARD BOOK NUMBER
International Standard Book Number 0521366720
020 ## - INTERNATIONAL STANDARD BOOK NUMBER
International Standard Book Number 9780521366724
040 ## - CATALOGING SOURCE
Original cataloging agency EG-ScBUE
Language of cataloging eng
Description conventions rda
Transcribing agency EG-ScBUE
Modifying agency EG-ScBUE
082 04 - DEWEY DECIMAL CLASSIFICATION NUMBER
Classification number 567.91
Item number DIN
Edition number 22
245 00 - TITLE STATEMENT
Title Dinosaur systematics :
Remainder of title approaches and perspectives /
Statement of responsibility, etc edited by Kenneth Carpenter, Denver Museum of Natural History, and Philip J. Currie, Tyrrell Museum of Palaeontology.
250 ## - EDITION STATEMENT
Edition statement First paperback edition.
264 #1 - PUBLICATION, DISTRIBUTION, ETC. (IMPRINT)
Place of publication, distribution, etc Cambridge :
Name of publisher, distributor, etc Cambridge University Press,
Date of publication, distribution, etc 1992.
300 ## - PHYSICAL DESCRIPTION
Extent xiii, 318 pages :
Other physical details illustrations ;
Dimensions 26 cm
336 ## - CONTENT TYPE
Source rdacontent
Content type term text
Content type code txt
337 ## - MEDIA TYPE
Media type term unmediated
Source rdamedia
Media type code n
338 ## - CARRIER TYPE
Carrier type term volume
Carrier type code nc
Source rdacarrier
500 ## - GENERAL NOTE
General note Papers from the Dinosaur Systematics Symposium, held June 3-5, 1986, at the Tyrrell Museum of Palaeontology, Drumheller, Alberta.
504 ## - BIBLIOGRAPHY, ETC. NOTE
Bibliography, etc Includes bibliographical references and index.
650 #7 - SUBJECT ADDED ENTRY--TOPICAL TERM
Topical term or geographic name as entry element Dinosaurs
General subdivision Congresses.
Source of heading or term BUEsh
655 ## - INDEX TERM--GENRE/FORM
Form subdivision Reading book
700 1# - ADDED ENTRY--PERSONAL NAME
Personal name Carpenter, Kenneth,
Dates associated with a name 1949-
Relator term editor.
700 1# - ADDED ENTRY--PERSONAL NAME
Personal name Currie, Philip J.,
Relator term editor.
711 2# - ADDED ENTRY--MEETING NAME
Meeting name or jurisdiction name as entry element Dinosaur Systematics Symposium
Date of meeting (1986 :
Location of meeting Tyrrell Museum of Palaeontology)
942 ## - ADDED ENTRY ELEMENTS (KOHA)
Koha item type Book - Borrowing
Source of classification or shelving scheme Dewey Decimal Classification
Holdings
Withdrawn status Lost status Source of classification or shelving scheme Damaged status Not for loan Collection code Home library Current library Shelving location Date acquired Source of acquisition Total Checkouts Full call number Barcode Date last seen Price effective from Koha item type
    Dewey Decimal Classification     Alahram Central Library Central Library First floor 07/11/2014 Purchase   567.91 DIN 000007646 15/07/2025 14/11/2007 Book - Borrowing